| 000 | 00736nam a2200169 4500 | ||
|---|---|---|---|
| 005 | 20260330185233.0 | ||
| 008 | 210528b ||||| |||| 00| 0 eng d | ||
| 022 | _a10422587 | ||
| 082 | _aDPer 658.405 En86 September-November 2015 v. 39 n. 5 | ||
| 100 |
_aChandler, Gaylen N. _943296 |
||
| 245 |
_aControl structures used in family business to manage wealth : _boperationalization of antecedent and outcome variables / _cGaylen N. Chandler. |
||
| 260 |
_aHoboken, NJ ; _bWiley Subscription Services, Inc. , _cNovember 2015. |
||
| 300 |
_aVolume 39, pages 1305-1312 ; _c25 cm. |
||
| 500 | _aEntrepreneurship Theory and Practice, vol. 39, no. 5, pages 1305-1312, November 2025. | ||
| 650 |
_aFamily _xBusiness. _943290 |
||
| 942 |
_2ddc _cPER |
||
| 999 |
_c16167 _d16167 |
||